[Event "Chennai op 8th"]
[Site "Chennai"]
[Date "2016.01.21"]
[Round "6"]
[White "Ernst, Sipke"]
[Black "Navin, Kanna TU"]
[Result "1-0"]
[WhiteElo "2536"]
[BlackElo "2357"]
[PlyCount "77"]
[EventDate "2016.01.18"]
[EventType "swiss"]
[EventRounds "10"]
[EventCountry "IND"]
[SourceTitle "CBM 170 Extra"]
[Source "ChessBase"]
[SourceDate "2016.02.25"]
[SourceVersion "1"]
[SourceVersionDate "2016.02.25"]
[SourceQuality "1"]

1. Nf3 f5 2. d3 Nf6 3. e4 e5 4. exf5 Nc6 5. h3 d5 6. g4 Bc5 7. Nc3 0-0 8. Bg2 e4 9. dxe4 dxe4 10. Nd2 e3 11. fxe3 Bxe3 12. Nf3 Bxc1 13. Qxd8 Rxd8 14. Rxc1 h5 15. g5 Re8+ 16. Kf2 Ne4+ 17. Nxe4 Rxe4 18. Kg3 Bxf5 19. Nh4 Re5 20. Kf4 Rc5 21. Nxf5 Rf8 22. Be4 g6 23. c4 gxf5 24. Bd5+ Kg7 25. Rhd1 Ne7 26. b4 Nxd5+ 27. cxd5 Rxc1 28. Rxc1 Rf7 29. Re1 h4 30. b5 Kg6 31. Re6+ Kg7 32. a4 b6 33. Rc6 Rd7 34. Kxf5 Rxd5+ 35. Kg4 Rd4+ 36. Kh5 Rxa4 37. Rxc7+ Kg8 38. Kh6 Rf4 39. Rc8+ 1-0

[Event "Chennai op 7th"]
[Site "Chennai"]
[Date "2015.01.02"]
[Round "6"]
[White "Neverov, Valeriy"]
[Black "Navin, Kanna TU"]
[Result "1/2-1/2"]
[WhiteElo "2501"]
[BlackElo "2374"]
[PlyCount "172"]
[EventDate "2014.12.30"]
[EventType "swiss"]
[EventRounds "10"]
[EventCountry "IND"]
[SourceTitle "CBM 164 Extra"]
[Source "ChessBase"]
[SourceDate "2015.03.02"]
[SourceVersion "1"]
[SourceVersionDate "2015.03.02"]
[SourceQuality "1"]

1. Nf3 Nf6 2. c4 c6 3. Nc3 d5 4. e3 e6 5. b3 Nbd7 6. Bb2 Bd6 7. d4 0-0 8. Be2 b6 9. 0-0 Bb7 10. Re1 Rc8 11. Bf1 Qe7 12. g3 Rfd8 13. Bg2 Bb4 14. Nd2 c5 15. a3 Bxc3 16. Bxc3 cxd4 17. exd4 Nb8 18. Qf3 Bc6 19. Bb4 Qb7 20. c5 Na6 21. Rac1 Nd7 22. Qg4 Bb5 23. Bc3 Nf6 24. Qh4 Bd3 25. b4 Nb8 26. Re3 Bg6 27. Nc4 Ne8 28. Ne5 Nc6 29. Nxg6 hxg6 30. g4 bxc5 31. Rh3 f6 32. dxc5 d4 33. Bd2 Qe7 34. Qh7+ Kf7 35. Re1 Qf8 36. Rh6 Ne7 37. Rh3 Nc7 38. Qh4 Ncd5 39. f4 Qe8 40. Qf2 Qd7 41. Rd3 Nc7 42. Re4 Nc6 43. Re1 a6 44. Bc3 Nd5 45. Bd2 Re8 46. h3 Rcd8 47. Qf3 Qb7 48. g5 f5 49. Qe2 a5 50. Rb3 axb4 51. axb4 d3 52. Rxd3 Ncxb4 53. Rb3 Qc7 54. Qc4 Nc6 55. Reb1 Na5 56. Bxa5 Qxa5 57. Rb7+ Re7 58. Rxe7+ Nxe7 59. c6 Qa7+ 60. Kh1 Rd4 61. Qc3 Qa2 62. Re1 Rd2 63. Ra1 Qc2 64. Qxc2 Rxc2 65. Ra7 Rc4 66. c7 Nc8 67. Rb7 Ke7 68. Bf1 Rc1 69. Kg2 Kd6 70. Ba6 Rxc7 71. Rxc7 Kxc7 72. Bb5 Kd8 73. h4 Ke7 74. Kf3 Nd6 75. Ba4 Nf7 76. Bb3 e5 77. fxe5 Nxe5+ 78. Kg3 Nd3 79. Ba2 Nc5 80. Kf4 Kd6 81. Bf7 Nd3+ 82. Ke3 Ne5 83. Be8 Ke7 84. Bb5 Nf7 85. Kf4 Nd8 86. Ke5 Nf7+ 1/2-1/2

[Event "Chennai op"]
[Site "Chennai"]
[Date "2013.11.18"]
[Round "5"]
[White "Navin, Kanna TU"]
[Black "Drazic, Sinisa"]
[Result "0-1"]
[WhiteElo "2348"]
[BlackElo "2469"]
[PlyCount "82"]
[EventDate "2013.11.15"]
[EventType "swiss"]
[EventRounds "11"]
[EventCountry "IND"]
[SourceTitle "CBM 157 Extra"]
[Source "ChessBase"]
[SourceDate "2013.12.19"]
[SourceVersion "1"]
[SourceVersionDate "2013.12.19"]
[SourceQuality "1"]

1. e4 c6 2. Nf3 d5 3. exd5 cxd5 4. Ne5 e6 5. d4 Bd6 6. Qg4 Kf8 7. Bd3 Nf6 8. Qe2 Nc6 9. c3 Nd7 10. f4 Qh4+ 11. g3 Qh3 12. Nd2 f6 13. Ndf3 Qh5 14. 0-0 Nb6 15. a4 a5 16. b3 Be7 17. Nxc6 bxc6 18. Re1 Ra7 19. Ba3 Bxa3 20. Rxa3 Qf7 21. c4 g6 22. Rb1 Kg7 23. c5 Nd7 24. b4 axb4 25. Rxb4 Re8 26. Rb6 Rc7 27. a5 e5 28. fxe5 fxe5 29. Nxe5 Nxe5 30. dxe5 Qe7 31. Qe3 d4 32. Qxd4 Rd8 33. Qf2 Qxe5 34. Bf1 Rf7 35. Rf3 Rxf3 36. Qxf3 Rf8 37. Qe2 Qxc5+ 38. Kg2 Qxa5 39. Qb2+ Rf6 40. Rb3 Qd5+ 41. Kg1 Qd1 0-1

[Event "Chennai op"]
[Site "Chennai"]
[Date "2013.11.16"]
[Round "2"]
[White "Mozharov, Mikhail"]
[Black "Navin, Kanna TU"]
[Result "1-0"]
[WhiteElo "2508"]
[BlackElo "2348"]
[PlyCount "45"]
[EventDate "2013.11.15"]
[EventType "swiss"]
[EventRounds "11"]
[EventCountry "IND"]
[SourceTitle "CBM 157 Extra"]
[Source "ChessBase"]
[SourceDate "2013.12.19"]
[SourceVersion "1"]
[SourceVersionDate "2013.12.19"]
[SourceQuality "1"]

1. e4 e5 2. Nf3 d6 3. d4 f5 4. dxe5 fxe4 5. Ng5 d5 6. c4 c6 7. cxd5 cxd5 8. Nc3 Bb4 9. Bb5+ Nc6 10. 0-0 Nge7 11. Ncxe4 dxe4 12. Qb3 Qa5 13. Qf7+ Kd8 14. Bxc6 bxc6 15. a3 Bg4 16. Be3 h6 17. axb4 Qxe5 18. Ra5 Qxb2 19. Ne6+ Bxe6 20. Qxe6 Qf6 21. Qxe4 Ke8 22. Re5 Kf7 23. Bc5 1-0

[Event "IND-chB 51st"]
[Site "Bhopal"]
[Date "2013.10.21"]
[Round "12"]
[White "Navin, Kanna TU"]
[Black "Navalgund, Niranjan"]
[Result "1/2-1/2"]
[WhiteElo "2358"]
[BlackElo "2230"]
[PlyCount "81"]
[EventDate "2013.10.12"]
[EventType "swiss"]
[EventRounds "13"]
[EventCountry "IND"]
[SourceTitle "EXT 2014"]
[Source "ChessBase"]
[SourceDate "2013.11.20"]
[SourceVersion "1"]
[SourceVersionDate "2013.11.20"]
[SourceQuality "1"]

1. d4 d5 2. Nf3 Nf6 3. c4 e6 4. g3 Bb4+ 5. Bd2 Be7 6. Bg2 0-0 7. 0-0 c6 8. Qc2 a5 9. Rd1 Nbd7 10. b3 b5 11. Bf4 Nh5 12. Bc1 a4 13. cxb5 cxb5 14. Ne5 Bd6 15. Nd3 Bb7 16. b4 Rc8 17. Nc5 Bc6 18. Nc3 Nhf6 19. Bg5 h6 20. Bxf6 Qxf6 21. Qd3 Rb8 22. Rac1 Nxc5 23. dxc5 Be5 24. f4 Bxc3 25. Qxc3 Qxc3 26. Rxc3 f5 27. Re3 Kf7 28. Kf2 Kf6 29. Re5 Rbe8 30. Rd3 g5 31. Bf3 g4 32. Bg2 h5 33. Rd1 Rh8 34. h3 Reg8 35. h4 Rd8 36. Rd4 Rd7 37. Rd3 Rdd8 38. Rde3 Rhe8 39. a3 Kf7 40. Rd3 Kf6 41. Rd4 1/2-1/2

[Event "IND-chT 33rd"]
[Site "Hyderabad"]
[Date "2013.02.26"]
[Round "9.3"]
[White "Navin, Kanna TU"]
[Black "Thejkumar, MS."]
[Result "1/2-1/2"]
[WhiteElo "2362"]
[BlackElo "2407"]
[PlyCount "60"]
[EventDate "2013.02.20"]
[EventType "team-swiss"]
[EventRounds "9"]
[EventCountry "IND"]
[SourceTitle "CBM 153 Extra"]
[Source "ChessBase"]
[SourceDate "2013.04.22"]
[SourceVersion "1"]
[SourceVersionDate "2013.04.22"]
[SourceQuality "1"]
[WhiteTeam "Tamil Nadu"]
[BlackTeam "Indian Railways II"]
[WhiteTeamCountry "IND"]
[BlackTeamCountry "IND"]

1. e4 c6 2. Nf3 d5 3. exd5 cxd5 4. Ne5 Nf6 5. d4 e6 6. c3 Bd6 7. Bg5 Qc7 8. Na3 a6 9. Qa4+ Bd7 10. Nxd7 Qxd7 11. Qxd7+ Nfxd7 12. Nc2 Nc6 13. Be2 0-0 14. 0-0 Rfc8 15. Rae1 b5 16. a3 Nb6 17. Bc1 g6 18. f4 h5 19. h3 h4 20. Ne3 f5 21. Nd1 Kf7 22. Nf2 Nc4 23. Nd3 a5 24. Rf2 b4 25. axb4 axb4 26. Bf3 bxc3 27. bxc3 Nd8 28. Rfe2 Kf6 29. Ne5 Ra1 30. Bd2 Ra2 1/2-1/2

[Event "Chennai op 5th"]
[Site "Chennai"]
[Date "2013.01.21"]
[Round "9"]
[White "Navin, Kanna TU"]
[Black "Suresh, Kumar TJ"]
[Result "0-1"]
[WhiteElo "2402"]
[BlackElo "2145"]
[PlyCount "122"]
[EventDate "2013.01.16"]
[EventType "swiss"]
[EventRounds "11"]
[EventCountry "IND"]
[SourceTitle "CBM 152 Extra"]
[Source "ChessBase"]
[SourceDate "2013.02.25"]
[SourceVersion "1"]
[SourceVersionDate "2013.02.25"]
[SourceQuality "1"]

1. Nf3 d5 2. g3 c6 3. Bg2 Bg4 4. c4 Nf6 5. Ne5 Bf5 6. d4 e6 7. Nc3 Nbd7 8. Nf3 h6 9. 0-0 Be7 10. Qb3 Qb6 11. c5 Qxb3 12. axb3 0-0 13. b4 a6 14. Bf4 g5 15. Be3 Ng4 16. Bc1 Ngf6 17. h4 Nh7 18. Re1 g4 19. Ne5 Nxe5 20. dxe5 h5 21. e4 Bg6 22. exd5 exd5 23. Be3 Rfe8 24. Ne2 Nf8 25. f4 Ne6 26. Ra3 f5 27. Rd1 Red8 28. Kf2 Bf7 29. Bf1 Kf8 30. Bd4 a5 31. bxa5 Nxc5 32. Kg2 Ne4 33. Rb3 c5 34. Rxb7 cxd4 35. Nxd4 Nc5 36. Rb5 Be8 37. Rxc5 Bxc5 38. Ne6+ Ke7 39. Nxc5 Rdb8 40. a6 Rxb2+ 41. Kg1 Bb5 42. Bg2 Bc4 43. Na4 Rb3 44. Kh2 Ra3 45. Nb6 R8xa6 46. Nxd5+ Kf8 47. Nf6 Ra2 48. Rc1 Bb5 49. Kg1 R6a3 50. Rc8+ Ke7 51. Nxh5 Rd2 52. Ng7 Ra1+ 53. Kh2 Bd7 54. Rc7 Kd8 55. Rb7 Raa2 56. e6 Rxg2+ 57. Kh1 Bc6 58. e7+ Kc8 59. e8Q+ Bxe8 60. Rb6 Rgc2 61. Nxe8 Ra1+ 0-1

[Event "Chennai op 5th"]
[Site "Chennai"]
[Date "2013.01.20"]
[Round "8"]
[White "Ramaswamy, Aarthie"]
[Black "Navin, Kanna TU"]
[Result "1/2-1/2"]
[WhiteElo "2105"]
[BlackElo "2402"]
[PlyCount "94"]
[EventDate "2013.01.16"]
[EventType "swiss"]
[EventRounds "11"]
[EventCountry "IND"]
[SourceTitle "CBM 152 Extra"]
[Source "ChessBase"]
[SourceDate "2013.02.25"]
[SourceVersion "1"]
[SourceVersionDate "2013.02.25"]
[SourceQuality "1"]

1. e4 c5 2. Nf3 e6 3. d4 cxd4 4. Nxd4 Nc6 5. Nc3 a6 6. Nxc6 bxc6 7. Bd3 d5 8. 0-0 Nf6 9. Qe2 Be7 10. b3 0-0 11. Bb2 Re8 12. f4 c5 13. e5 c4 14. Bxc4 dxc4 15. exf6 Bxf6 16. Kh1 Bb7 17. Na4 cxb3 18. axb3 Bxb2 19. Nxb2 Qc7 20. Nc4 Red8 21. Na5 Bc8 22. Rfd1 Rxd1+ 23. Rxd1 Bd7 24. Qd2 Be8 25. c4 f6 26. b4 Rb8 27. Qd6 Qxd6 28. Rxd6 Rxb4 29. Kg1 Ra4 30. Rxa6 Kf7 31. Ra7+ Kg6 32. Re7 Rxa5 33. Rxe8 Kf5 34. Kf2 Ra2+ 35. Kf3 h5 36. c5 Rc2 37. Rc8 Rc3+ 38. Ke2 Kxf4 39. Kd2 Ra3 40. c6 Ra7 41. Kd3 Ke5 42. Kc4 Ra2 43. Rd8 Rc2+ 44. Kb5 Rb2+ 45. Ka4 Rc2 46. Kb5 Rb2+ 47. Ka4 Rc2 1/2-1/2

[Event "Commonwealth-ch"]
[Site "Chennai"]
[Date "2012.11.27"]
[Round "7"]
[White "Navin, Kanna TU"]
[Black "Anilkumar, OT."]
[Result "1-0"]
[WhiteElo "2402"]
[BlackElo "2173"]
[PlyCount "59"]
[EventDate "2012.11.23"]
[EventType "swiss"]
[EventRounds "11"]
[EventCountry "IND"]
[SourceTitle "CBM 151 Extra"]
[Source "ChessBase"]
[SourceDate "2012.12.18"]
[SourceVersion "1"]
[SourceVersionDate "2012.12.18"]
[SourceQuality "1"]

1. e4 e6 2. d4 d5 3. Nd2 f5 4. e5 c5 5. c3 Nc6 6. Ne2 Nh6 7. Nf3 Nf7 8. h4 Be7 9. g3 Bd7 10. Bg2 b5 11. Nf4 b4 12. 0-0 0-0 13. c4 dxc4 14. d5 exd5 15. Qxd5 Be8 16. Qxc4 Na5 17. Qc2 Bb5 18. Rd1 Qc8 19. e6 Nd8 20. Ne5 Nac6 21. Nd5 Re8 22. Nxc6 Nxc6 23. Qxf5 Rf8 24. Qe4 Rb8 25. Bf4 Rb7 26. Rac1 Rd8 27. Nxe7+ Rxe7 28. Rxd8+ Nxd8 29. Qxb4 Ba6 30. Rxc5 1-0

[Event "Visakhapatnam op"]
[Site "Visakhapatnam"]
[Date "2011.11.29"]
[Round "9"]
[White "Navin, Kanna TU"]
[Black "Akshat, Chandra"]
[Result "1-0"]
[WhiteElo "2377"]
[BlackElo "2012"]
[PlyCount "83"]
[EventDate "2011.11.24"]
[EventType "swiss"]
[EventRounds "11"]
[EventCountry "IND"]
[SourceTitle "CBM 145 Extra"]
[Source "ChessBase"]
[SourceDate "2012.01.03"]
[SourceVersion "1"]
[SourceVersionDate "2012.01.03"]
[SourceQuality "1"]

1. e4 c5 2. Nf3 Nc6 3. Bb5 d6 4. 0-0 Bd7 5. c3 Nf6 6. Re1 a6 7. Bf1 Bg4 8. h3 Bh5 9. d3 e6 10. Be3 Be7 11. Nbd2 Qc7 12. a3 0-0 13. Qc2 d5 14. b4 cxb4 15. cxb4 Bxf3 16. Nxf3 e5 17. Bd2 Qd7 18. Qa2 d4 19. Be2 Bd6 20. Rac1 a5 21. b5 Nd8 22. a4 b6 23. Bd1 Ne6 24. Rc6 Rab8 25. Bb3 Nc5 26. Rxc5 Bxc5 27. Nxe5 Qc7 28. Nc6 Rbe8 29. e5 Nd7 30. Bxf7+ Rxf7 31. e6 Nf6 32. exf7+ Qxf7 33. Rxe8+ Nxe8 34. Qc2 Qd5 35. Bf4 Nf6 36. Be5 Nd7 37. Bxd4 Qe6 38. Bxc5 Nxc5 39. d4 Qe1+ 40. Kh2 Ne4 41. Qc4+ Kh8 42. Ne7 1-0

[Event "Visakhapatnam op"]
[Site "Visakhapatnam"]
[Date "2011.11.26"]
[Round "4"]
[White "Vaibhav, Suri"]
[Black "Navin, Kanna TU"]
[Result "1-0"]
[WhiteElo "2448"]
[BlackElo "2377"]
[PlyCount "71"]
[EventDate "2011.11.24"]
[EventType "swiss"]
[EventRounds "11"]
[EventCountry "IND"]
[SourceTitle "CBM 145 Extra"]
[Source "ChessBase"]
[SourceDate "2012.01.03"]
[SourceVersion "1"]
[SourceVersionDate "2012.01.03"]
[SourceQuality "1"]

1. e4 c5 2. Nf3 e6 3. d4 cxd4 4. Nxd4 Nc6 5. Nc3 Qc7 6. Be2 a6 7. 0-0 Nf6 8. Be3 Be7 9. f4 d6 10. Kh1 0-0 11. a4 Re8 12. Qd2 Rb8 13. a5 Nd7 14. Nb3 b5 15. axb6 Nxb6 16. Rfd1 Nb4 17. Na5 Nc6 18. Nxc6 Qxc6 19. Bxa6 Nc4 20. Bxc4 Qxc4 21. Ra4 Qc6 22. b3 Ba6 23. Rda1 Rec8 24. Ba7 Ra8 25. Rxa6 Qxc3 26. Qxc3 Rxc3 27. Bd4 Rxa6 28. Bxc3 Rc6 29. Ra8+ Bf8 30. Bb4 f6 31. e5 fxe5 32. fxe5 Rxc2 33. Kg1 Kf7 34. exd6 Rc1+ 35. Kf2 Rd1 36. d7 1-0

[Event "Mumbai Mayors Cup 4th"]
[Site "Mumbai"]
[Date "2011.09.23"]
[Round "10"]
[White "Kathmale, Sameer"]
[Black "Navin, Kanna TU"]
[Result "0-1"]
[WhiteElo "2209"]
[BlackElo "2342"]
[PlyCount "52"]
[EventDate "2011.09.16"]
[EventType "swiss"]
[EventRounds "11"]
[EventCountry "IND"]
[SourceTitle "CBM 144 Extra"]
[Source "ChessBase"]
[SourceDate "2011.10.28"]
[SourceVersion "1"]
[SourceVersionDate "2011.10.28"]
[SourceQuality "1"]

1. e4 e5 2. Nf3 Nc6 3. Bb5 Nd4 4. Nxd4 exd4 5. 0-0 Bc5 6. d3 c6 7. Bc4 d5 8. exd5 cxd5 9. Bb5+ Kf8 10. Re1 Ne7 11. Nd2 Qa5 12. b4 Bxb4 13. Rb1 a6 14. Bc4 h5 15. Re5 Bg4 16. f3 Be6 17. Ne4 Nc6 18. Rg5 f6 19. Rxb4 Nxb4 20. Qe1 fxg5 21. Nxg5 Re8 22. Nxe6+ Kg8 23. Qe5 Rh7 24. Qf5 Nxc2 25. h3 Qe1+ 26. Kh2 dxc4 0-1

[Event "Mumbai Mayors Cup 4th"]
[Site "Mumbai"]
[Date "2011.09.20"]
[Round "7"]
[White "Navin, Kanna TU"]
[Black "Himanshu, Sharma"]
[Result "1-0"]
[WhiteElo "2342"]
[BlackElo "2421"]
[PlyCount "57"]
[EventDate "2011.09.16"]
[EventType "swiss"]
[EventRounds "11"]
[EventCountry "IND"]
[SourceTitle "CBM 144 Extra"]
[Source "ChessBase"]
[SourceDate "2011.10.28"]
[SourceVersion "1"]
[SourceVersionDate "2011.10.28"]
[SourceQuality "1"]

1. e4 c5 2. Nf3 e6 3. d4 cxd4 4. Nxd4 Nc6 5. Nc3 Qc7 6. Be3 a6 7. Qd2 Nf6 8. f3 b5 9. g4 h6 10. Nxc6 dxc6 11. 0-0-0 e5 12. h4 Be6 13. Kb1 Be7 14. Qf2 a5 15. Bh3 h5 16. g5 Nd7 17. g6 Nf6 18. gxf7+ Bxf7 19. Rhg1 a4 20. Rxg7 b4 21. Ne2 Qa5 22. Nc1 c5 23. Qg3 c4 24. Be6 Bxe6 25. Qg6+ Kf8 26. Bg5 Qc5 27. Bxf6 Rg8 28. Rxg8+ Bxg8 29. Bg7# 1-0

[Event "IND-chT 31st"]
[Site "Cochin"]
[Date "2011.02.27"]
[Round "8"]
[White "Navin, Kanna TU"]
[Black "Neelotpal, Das"]
[Result "1/2-1/2"]
[WhiteElo "2383"]
[BlackElo "2477"]
[PlyCount "69"]
[EventDate "2011.02.22"]
[EventType "team-swiss"]
[EventRounds "9"]
[EventCountry "IND"]
[SourceTitle "CBM 141 Extra"]
[Source "ChessBase"]
[SourceDate "2011.05.03"]
[SourceVersion "1"]
[SourceVersionDate "2011.05.03"]
[SourceQuality "1"]
[WhiteTeam "TN State"]
[BlackTeam "PSPB"]
[WhiteTeamCountry "IND"]
[BlackTeamCountry "IND"]

1. e4 c5 2. Na3 a6 3. c3 Nf6 4. d3 g6 5. f4 Bg7 6. Nf3 Nc6 7. Be2 d6 8. 0-0 0-0 9. Qe1 b5 10. Kh1 e6 11. Bd2 Rb8 12. Nc2 a5 13. Ne3 c4 14. dxc4 bxc4 15. e5 dxe5 16. fxe5 Ne4 17. Rd1 Nxd2 18. Rxd2 Qc7 19. Nxc4 Nxe5 20. Ncxe5 Bxe5 21. Nxe5 Qxe5 22. Qg3 Qxg3 23. hxg3 Bb7 24. Bf3 e5 25. Bxb7 Rxb7 26. b3 a4 27. Rb1 Rc8 28. Rc2 e4 29. c4 Rb4 30. Rc3 Kg7 31. Kg1 Kf6 32. Rf1+ Ke6 33. g4 axb3 34. axb3 Rcb8 35. Re1 1/2-1/2

[Event "IND-chT 31st"]
[Site "Cochin"]
[Date "2011.02.26"]
[Round "7"]
[White "Navin, Kanna TU"]
[Black "Matta, Vinay Kumar"]
[Result "1-0"]
[WhiteElo "2383"]
[BlackElo "2306"]
[PlyCount "67"]
[EventDate "2011.02.22"]
[EventType "team-swiss"]
[EventRounds "9"]
[EventCountry "IND"]
[SourceTitle "CBM 141 Extra"]
[Source "ChessBase"]
[SourceDate "2011.05.03"]
[SourceVersion "1"]
[SourceVersionDate "2011.05.03"]
[SourceQuality "1"]
[WhiteTeam "TN State"]
[BlackTeam "Hyderabad"]
[WhiteTeamCountry "IND"]
[BlackTeamCountry "IND"]

1. d4 Nf6 2. c4 g6 3. Nc3 Bg7 4. e4 d6 5. f3 0-0 6. Be3 e5 7. d5 Nh5 8. Nge2 f5 9. Qd2 a6 10. 0-0-0 b5 11. c5 b4 12. Na4 a5 13. c6 Nf6 14. Bg5 fxe4 15. fxe4 Nxe4 16. Bxd8 Nxd2 17. Bxc7 Ne4 18. Ng3 Bh6+ 19. Kb1 Nf2 20. Bc4 Bg4 21. Rdf1 Nxh1 22. Rxh1 Rf4 23. b3 Bf8 24. Nb6 Ra6 25. h3 Rf7 26. Bd8 Rxb6 27. hxg4 Nd7 28. Bc7 Ra6 29. cxd7 Rxd7 30. Bxa6 Rxc7 31. Ne4 Rf7 32. Rf1 Rf4 33. Rxf4 exf4 34. Ka1 1-0

[Event "IND-chT 31st"]
[Site "Cochin"]
[Date "2011.02.22"]
[Round "1"]
[White "Navin, Kanna TU"]
[Black "Chandan, Mahajan"]
[Result "1/2-1/2"]
[WhiteElo "2383"]
[BlackElo "1882"]
[PlyCount "106"]
[EventDate "2011.02.22"]
[EventType "team-swiss"]
[EventRounds "9"]
[EventCountry "IND"]
[SourceTitle "CBM 141 Extra"]
[Source "ChessBase"]
[SourceDate "2011.05.03"]
[SourceVersion "1"]
[SourceVersionDate "2011.05.03"]
[SourceQuality "1"]
[WhiteTeam "TN State"]
[BlackTeam "Vidharbha CA Nagpur"]
[WhiteTeamCountry "IND"]
[BlackTeamCountry "IND"]

1. e4 c5 2. Nf3 e6 3. d4 cxd4 4. Nxd4 Nf6 5. Nc3 d6 6. g4 Be7 7. g5 Nfd7 8. h4 a6 9. Bg2 Qc7 10. f4 Nc6 11. Be3 Nb6 12. Qe2 Na5 13. f5 Nac4 14. fxe6 fxe6 15. 0-0 Nxe3 16. Qxe3 Nc4 17. Qf3 Ne5 18. Qg3 Qc5 19. Nce2 Nc6 20. Qc3 Qxc3 21. bxc3 h6 22. g6 Bxh4 23. Nxc6 bxc6 24. Rf7 e5 25. Kh2 Be6 26. Rxg7 Bf6 27. Rc7 Bd8 28. Rb7 Rg8 29. Bf3 Bf6 30. Bh5 Rg7 31. Rab1 Bxa2 32. Rxg7 Bxg7 33. Rb7 Kf8 34. Ng3 Be6 35. Be2 Bf6 36. Nf5 Bxf5 37. exf5 Kg8 38. Rb6 Rc8 39. Bxa6 Rc7 40. Bc4+ Kg7 41. Be6 e4 42. Kg2 Bxc3 43. Rb8 d5 44. Kg3 Kf6 45. Kf4 Be5+ 46. Ke3 Kg5 47. Rb1 Ra7 48. Rg1+ Kf6 49. g7 Rxg7 50. Rxg7 Kxg7 51. c4 Kf6 52. cxd5 cxd5 53. Bxd5 Kxf5 1/2-1/2

[Event "Chennai op 3rd"]
[Site "Chennai"]
[Date "2011.01.26"]
[Round "11"]
[White "Navin, Kanna TU"]
[Black "Muralidharan, MB."]
[Result "1-0"]
[WhiteElo "2383"]
[BlackElo "2215"]
[PlyCount "83"]
[EventDate "2011.01.18"]
[EventType "swiss"]
[EventRounds "11"]
[EventCountry "IND"]
[SourceTitle "CBM 140 Extra"]
[Source "ChessBase"]
[SourceDate "2011.03.01"]
[SourceVersion "1"]
[SourceVersionDate "2011.03.01"]
[SourceQuality "1"]

1. e4 e5 2. Nf3 Nc6 3. Bc4 Nf6 4. d4 exd4 5. 0-0 Nxe4 6. Re1 d5 7. Bxd5 Qxd5 8. Nc3 Qa5 9. Nxe4 Be6 10. Neg5 0-0-0 11. Nxe6 fxe6 12. Rxe6 Bd6 13. Bg5 Rdf8 14. Bh4 Qd5 15. Qe2 a6 16. Qe4 Qxe4 17. Rxe4 Re8 18. Rae1 Kd7 19. Kf1 Rxe4 20. Rxe4 Re8 21. Rxe8 Kxe8 22. Ke2 Kf7 23. Bg3 Bxg3 24. hxg3 Kf6 25. Kd3 Ne5+ 26. Kxd4 Ng4 27. a4 Nxf2 28. Ne5 Ke6 29. b4 h5 30. c4 g5 31. a5 Nh1 32. g4 hxg4 33. Nd3 Kd7 34. Nc5+ Kc8 35. Ne4 b6 36. g3 Kb7 37. Kd5 c5 38. bxc5 bxa5 39. Kd6 Kc8 40. c6 a4 41. c7 a3 42. Kc6 1-0

[Event "Chennai op 3rd"]
[Site "Chennai"]
[Date "2011.01.24"]
[Round "9"]
[White "Navin, Kanna TU"]
[Black "Ramnathan, Balasubramaniam"]
[Result "0-1"]
[WhiteElo "2383"]
[BlackElo "2262"]
[PlyCount "92"]
[EventDate "2011.01.18"]
[EventType "swiss"]
[EventRounds "11"]
[EventCountry "IND"]
[SourceTitle "CBM 140 Extra"]
[Source "ChessBase"]
[SourceDate "2011.03.01"]
[SourceVersion "1"]
[SourceVersionDate "2011.03.01"]
[SourceQuality "1"]

1. e4 d6 2. d4 Nd7 3. Nc3 g6 4. Be3 Bg7 5. Qd2 c6 6. a4 Qc7 7. Nf3 Ngf6 8. Bh6 0-0 9. h4 e5 10. h5 Bxh6 11. Qxh6 Ng4 12. Qd2 Ndf6 13. hxg6 fxg6 14. 0-0-0 Nh5 15. Bc4+ Kh8 16. dxe5 dxe5 17. Ng5 b5 18. axb5 cxb5 19. Be6 b4 20. Nd5 Qa5 21. Kb1 Bxe6 22. Nxe6 Rxf2 23. Qd3 Qa4 24. Rh4 Ngf6 25. g4 Nxd5 26. exd5 Rc8 27. Rc1 b3 28. Qxb3 Qxb3 29. cxb3 Rxc1+ 30. Kxc1 Nf4 31. Nxf4 Rxf4 32. Rh2 Rd4 33. Rd2 Rb4 34. d6 Rb8 35. Kc2 Kg7 36. Kc3 Kf6 37. Kc4 Ke6 38. Kc5 Rc8+ 39. Kb5 Kd7 40. Ka6 e4 41. b4 Rb8 42. Kxa7 Rxb4 43. Ka6 e3 44. Re2 Kxd6 45. Rxe3 Rxb2 46. Rh3 Ke5 0-1

[Event "Chennai op 3rd"]
[Site "Chennai"]
[Date "2011.01.23"]
[Round "8"]
[White "Pradeep, Kumar RA"]
[Black "Navin, Kanna TU"]
[Result "1-0"]
[WhiteElo "2231"]
[BlackElo "2383"]
[PlyCount "63"]
[EventDate "2011.01.18"]
[EventType "swiss"]
[EventRounds "11"]
[EventCountry "IND"]
[SourceTitle "CBM 140 Extra"]
[Source "ChessBase"]
[SourceDate "2011.03.01"]
[SourceVersion "1"]
[SourceVersionDate "2011.03.01"]
[SourceQuality "1"]

1. Nf3 d5 2. c4 e6 3. g3 Nf6 4. Bg2 dxc4 5. 0-0 c6 6. a4 Na6 7. Ne5 Qd4 8. Nf3 Qc5 9. Na3 e5 10. d4 cxd3 11. exd3 Be6 12. Re1 Bd6 13. d4 exd4 14. Nxd4 0-0-0 15. Be3 Bg4 16. Qd3 Be5 17. Rac1 Rxd4 18. Rxc5 Rxd3 19. Rxe5 Kb8 20. Bf4 Nc7 21. a5 Be6 22. a6 Nfd5 23. axb7 Kxb7 24. Bc1 Nb4 25. Bf1 Rd4 26. Be3 Rd7 27. Ra1 Ncd5 28. Bc5 Na6 29. Bxa6+ Kxa6 30. Nc2+ Kb7 31. Rxe6 fxe6 32. Rxa7+ 1-0

[Event "Chennai op 3rd"]
[Site "Chennai"]
[Date "2011.01.19"]
[Round "2"]
[White "Shetty, Rahul"]
[Black "Navin, Kanna TU"]
[Result "1-0"]
[WhiteElo "2284"]
[BlackElo "2383"]
[PlyCount "109"]
[EventDate "2011.01.18"]
[EventType "swiss"]
[EventRounds "11"]
[EventCountry "IND"]
[SourceTitle "CBM 140 Extra"]
[Source "ChessBase"]
[SourceDate "2011.03.01"]
[SourceVersion "1"]
[SourceVersionDate "2011.03.01"]
[SourceQuality "1"]

1. d4 d5 2. Nf3 c6 3. c4 e6 4. Qc2 f5 5. g3 Nf6 6. Bg2 Be7 7. 0-0 0-0 8. b3 Ne4 9. Ba3 Bxa3 10. Nxa3 Nd7 11. e3 g5 12. Qb2 g4 13. Ne1 h5 14. Nd3 Ndf6 15. Rad1 Kg7 16. Nc2 h4 17. Nf4 Rh8 18. Ne1 Ng5 19. Qe2 Bd7 20. Ned3 Qe7 21. Ne5 Rh6 22. gxh4 Nf7 23. f3 gxf3 24. Bxf3 Kh7 25. Kh1 Nxe5 26. dxe5 Ne4 27. Bxe4 fxe4 28. Rg1 Rf8 29. Rg5 Be8 30. Rdg1 Bf7 31. Qg4 Kh8 32. h5 Qe8 33. Rg3 Rg8 34. Kg2 Rxg5 35. Qxg5 Qf8 36. h4 Kh7 37. cxd5 cxd5 38. Nxd5 exd5 39. Qf5+ Kh8 40. Rg6 Qg8 41. Rxg8+ Kxg8 42. Qc8+ Kg7 43. Qxb7 a6 44. Kg3 Kf8 45. Qc8+ Ke7 46. Qc5+ Ke8 47. Kg4 Re6 48. Qxd5 Rg6+ 49. hxg6 Bxd5 50. Kg5 Kf8 51. Kf6 Bc6 52. h5 Be8 53. b4 Bd7 54. h6 Kg8 55. h7+ 1-0